Lataa...

Fundamentals of weed science

Bibliografiset tiedot
Päätekijä: Gupta, O P
Aineistotyyppi: Printed Book
Julkaistu: Jodhpur Agrobios (India) 2013
Aiheet:
LEADER 00735nam a22002057a 4500
003 OSt
999 |c 164450  |d 164450 
020 |a 9788177543070 
082 |a 632.5  |b GUP/FU 
100 |a Gupta, O P 
245 |a Fundamentals of weed science 
260 |a Jodhpur  |b Agrobios (India)  |c 2013 
300 |a 379p. 
546 |a English 
650 |a Weeds 
650 |a Grasslands 
650 |a Herbicides 
942 |2 ddc  |c BK 
952 |0 0  |1 0  |2 ddc  |4 0  |6 632_500000000000000_GUP_FU  |7 0  |8 Gen  |9 164585  |a KAUCLV  |b KAUCLV  |c GENERAL  |d 2019-07-08  |g 990.00  |o 632.5 GUP/FU  |p 229113  |r 2019-07-08  |w 2019-07-08  |y BK 
952 |0 0  |1 0  |2 ddc  |4 0  |6 632_500000000000000_GUP_FU  |7 0  |8 Gen  |9 164586  |a KAUCLV  |b KAUCLV  |c GENERAL  |d 2019-07-08  |g 990.00  |o 632.5 GUP/FU  |p 229114  |r 2019-07-08  |w 2019-07-08  |y BK